[Event "AUTO-MASTER-1900"]
[Site "http://www.queenalice.com/game.php?id=1196654"]
[Date "2013.7.3"]
[Round "1"]
[White "chopinou"]
[Black "chunyi2012"]
[Result "1/2-1/2"]
[WhiteElo "2019"]
[BlackElo "2225"]

1. e4 e5 2. Nf3 Nc6 3. Bc4 Nf6 4. Ng5 d5 5. exd5 Nxd5 6. Nxf7 Kxf7 7. Qf3+ Ke6
8. Nc3 Nb4 9. O-O c6 10. Qe4 b5 11. Bb3 Kf6 12. d4 Qc7 13. Qf3+ Ke6 14. Re1 Bd6
15. Bf4 Kd7 16. dxe5 Nxf4 17. Qxf4 Bc5 18. e6+ Kd8 19. Rad1+ Nd5 20. Nxd5 Qxf4
21. Nxf4+ Kc7 22. Nd3 Be7 23. Ne5 Rb8 24. Nf7 Re8 25. Rd2 a5 26. a3 a4 27. Ba2
Bc5 28. Kh1 h5 29. f4 g6 30. h3 b4 31. axb4 Rxb4 32. c3 Rxf4 33. Rde2 Re7 34. g3
Rf6 35. Ng5 Rf5 36. h4 Bf2 37. Bb1 Bxe1 38. Bxf5 Bxg3 39. Bxg6 Bxh4 40. Nf3 Bxe6
41. Bxh5 Bd5 42. Rxe7+ Bxe7 43. Kg1 a3 44. bxa3 Bxa3 45. Nd4 Bb2 46. Ne2 Bc4 47.
Kf2 c5 48. Ke3 Kc6 49. Kd2 Ba6 50. Bf3+ Kb5 51. Kc2 Ba1 52. Kb1 Ka4 53. Kxa1 Kb3
54. Bd5+ Kc2 55. c4 Kb3 56. Nc1+ Kc3 57. Na2+ Kb3 58. Nc1+ Kc3 59. Ne2+ Kb3 60.
Nc1+ 1/2-1/2

[Event "AUTO-MASTER-1900"]
[Site "http://www.queenalice.com/game.php?id=1196655"]
[Date "2013.7.3"]
[Round "1"]
[White "chunyi2012"]
[Black "chopinou"]
[Result "1-0"]
[WhiteElo "2239"]
[BlackElo "2031"]

1. d4 e6 2. c4 d5 3. Nc3 Nf6 4. Nf3 c5 5. e3 Nc6 6. cxd5 exd5 7. Bb5 Bg4 8. O-O
Bd6 9. Bxc6+ bxc6 10. Qa4 Qc7 11. dxc5 Bxc5 12. Nxd5 Bxf3 13. Nxc7+ 1-0

[Event "AUTO-MASTER-1900"]
[Site "http://www.queenalice.com/game.php?id=1196656"]
[Date "2013.7.3"]
[Round "1"]
[White "chopinou"]
[Black "Vonkinho"]
[Result "0-1"]
[WhiteElo "2023"]
[BlackElo "2188"]

1. e4 e5 2. Nf3 Nf6 3. Nc3 Nc6 4. Bc4 Bb4 5. O-O O-O 6. Qe2 d6 7. h3 Bxc3 8.
bxc3 Be6 9. Bb3 Re8 10. Rd1 Qe7 11. d3 Rad8 12. Bg5 h6 13. Bxf6 Qxf6 14. d4 Bc8
15. Rd2 Qf4 16. g3 Qf6 17. Kg2 g5 18. Nh2 Kg7 19. Qh5 exd4 20. Ng4 Bxg4 21. Qxg4
dxc3 22. Rd3 Ne5 0-1

[Event "AUTO-MASTER-1900"]
[Site "http://www.queenalice.com/game.php?id=1196657"]
[Date "2013.7.3"]
[Round "1"]
[White "Vonkinho"]
[Black "chopinou"]
[Result "1-0"]
[WhiteElo "2187"]
[BlackElo "2014"]

1. d4 e6 2. c4 d5 3. Nc3 Nf6 4. Bg5 Be7 5. Nf3 c5 6. cxd5 exd5 7. e3 Nc6 8. Rc1
cxd4 9. exd4 O-O 10. Be2 Be6 11. O-O Rc8 12. Qb3 Na5 13. Qa4 a6 14. Ne5 b5 15.
Qd1 Nc4 16. b3 Nxe5 17. dxe5 Nd7 18. Bxe7 Qxe7 19. f4 Qb4 20. Nxd5 Rxc1 21. Nxb4
Rxd1 22. Rxd1 Nb8 23. Rd6 a5 24. Nd5 b4 25. f5 Bd7 26. Bc4 Re8 27. e6 fxe6 28.
fxe6 Bc8 29. Nc7 1-0

[Event "AUTO-MASTER-1900"]
[Site "http://www.queenalice.com/game.php?id=1196658"]
[Date "2013.7.3"]
[Round "1"]
[White "chopinou"]
[Black "atbn"]
[Result "0-1"]
[WhiteElo "1989"]
[BlackElo "1946"]

1. e4 e5 2. Nf3 Nc6 3. Bc4 Nf6 4. Ng5 d5 5. exd5 Nxd5 6. Nxf7 Kxf7 7. Qf3+ Ke6
8. Nc3 Nb4 9. Qe4 c6 10. O-O Kd6 11. d4 Qf6 12. a3 Bf5 13. dxe5+ Qxe5 14. Qf3
Nxc2 15. Nxd5 Be4 0-1

[Event "AUTO-MASTER-1900"]
[Site "http://www.queenalice.com/game.php?id=1196659"]
[Date "2013.7.3"]
[Round "1"]
[White "atbn"]
[Black "chopinou"]
[Result "1-0"]
[WhiteElo "1964"]
[BlackElo "1971"]

1. e4 e6 2. Nc3 d5 3. Nf3 Nf6 4. exd5 exd5 5. d4 Bd6 6. Bg5 c6 7. Bd3 O-O 8. O-O
Bg4 9. Re1 Nbd7 10. Re3 Qc7 11. h3 Bh5 12. Qd2 h6 13. Bxf6 Nxf6 14. Rd1 Rfe8 15.
Be2 1-0

[Event "AUTO-MASTER-1910"]
[Site "http://www.queenalice.com/game.php?id=1201002"]
[Date "2013.7.19"]
[Round "1"]
[White "Espechess"]
[Black "chopinou"]
[Result "1-0"]
[WhiteElo "1970"]
[BlackElo "2016"]

1. e4 e6 2. d4 d5 3. exd5 exd5 4. Nf3 Nf6 5. Be3 Bd6 6. Be2 O-O 7. h3 Bf5 8. O-O
c6 9. Nbd2 Nbd7 10. Rc1 Re8 11. Nh4 Be6 12. c4 Ne4 13. Nxe4 dxe4 14. g3 Bxh3 15.
Re1 Nf6 16. Bg5 Qc7 17. Kh2 Qd7 18. Bxf6 gxf6 19. Qd2 Kh8 20. Qh6 Rg8 21. Qxf6+
Rg7 22. Rg1 Kg8 23. c5 Be7 24. Qe5 Bg5 25. Rcd1 Re8 26. Qd6 Qxd6 27. cxd6 Be6
28. Ng2 Rd8 29. d5 Bxd5 30. Rd4 Rxd6 31. Rgd1 Rh6+ 32. Kg1 Bxa2 33. Rd8+ 1-0

[Event "AUTO-MASTER-1910"]
[Site "http://www.queenalice.com/game.php?id=1201003"]
[Date "2013.7.19"]
[Round "1"]
[White "chopinou"]
[Black "Espechess"]
[Result "1-0"]
[WhiteElo "2005"]
[BlackElo "1947"]

1. e4 c5 2. d4 cxd4 3. c3 dxc3 4. Nxc3 Nc6 5. Nf3 e6 6. Bc4 Nf6 7. Qe2 Bb4 8.
O-O Bxc3 9. bxc3 h6 10. Rd1 O-O 11. e5 Ne8 12. Ba3 Ne7 13. Nd4 d5 14. exd6 Nxd6
15. Nb5 Nef5 16. Nxd6 Nxd6 17. Bxd6 1-0

[Event "AUTO-MASTER-1910"]
[Site "http://www.queenalice.com/game.php?id=1201020"]
[Date "2013.7.19"]
[Round "1"]
[White "chopinou"]
[Black "capaputi"]
[Result "1-0"]
[WhiteElo "2031"]
[BlackElo "2238"]

1. e4 c5 2. d4 cxd4 3. c3 dxc3 4. Nxc3 Nc6 5. Nf3 d6 6. Bc4 Nf6 7. h3 e6 8. Qe2
Be7 9. O-O O-O 10. Rd1 Qc7 11. Bf4 a6 12. Rac1 Qb8 13. e5 dxe5 14. Nxe5 Nxe5 15.
Bxe5 Qa7 16. Ne4 Rd8 17. Bxf6 gxf6 18. Qg4+ Kf8 19. Qh4 f5 20. Rxd8+ 1-0

[Event "AUTO-MASTER-1910"]
[Site "http://www.queenalice.com/game.php?id=1201021"]
[Date "2013.7.19"]
[Round "1"]
[White "capaputi"]
[Black "chopinou"]
[Result "1-0"]
[WhiteElo "2235"]
[BlackElo "2055"]

1. e4 e6 2. d4 d5 3. Nc3 Nf6 4. Bg5 Bb4 5. e5 h6 6. Bd2 Bxc3 7. Bxc3 Ne4 8. Nf3
Nxc3 9. bxc3 c5 10. Bb5+ Bd7 11. Rb1 O-O 12. O-O Nc6 13. Qc1 cxd4 14. Bxc6 Bxc6
15. cxd4 Qa5 16. Qb2 Rfc8 17. Rfe1 Rc7 18. Re3 b5 19. Ne1 Qb6 20. Nd3 a5 21. Nc5
Rca7 22. Qc1 b4 23. Rg3 Kh7 24. Rbb3 Bb5 25. Rxg7+ Kxg7 26. Rg3+ Kh7 27. Rh3 f5
28. Qxh6+ Kg8 29. Rg3+ Kf7 30. Rg7+ Ke8 31. Qh8# 1-0

[Event "Challenge"]
[Site "http://www.queenalice.com/game.php?id=1205793"]
[Date "2013.8.7"]
[Round "-"]
[White "eddval"]
[Black "chopinou"]
[Result "1-0"]
[WhiteElo "2220"]
[BlackElo "1928"]

1. d4 e6 2. e4 d5 3. exd5 exd5 4. Bd3 Nf6 5. Bg5 Bd6 6. Nf3 Bg4 7. Qe2+ Be6 8.
O-O O-O 9. Ne5 c5 10. c3 cxd4 11. cxd4 Nbd7 12. Nc3 Qc7 13. Rac1 Qa5 14. Rc2 1-0

[Event "Challenge"]
[Site "http://www.queenalice.com/game.php?id=1205794"]
[Date "2013.8.7"]
[Round "-"]
[White "eddval"]
[Black "chopinou"]
[Result "1-0"]
[WhiteElo "2217"]
[BlackElo "1933"]

1. e4 e6 2. d4 d5 3. Nd2 Nf6 4. e5 Nfd7 5. Bd3 c5 6. c3 Nc6 7. Ne2 Be7 8. O-O
O-O 9. Nf3 cxd4 10. cxd4 f6 11. exf6 Bxf6 12. a3 e5 13. dxe5 Ndxe5 14. Nxe5 1-0